000 00515nam a2200181Ia 4500
001 11583
005 20260306162838.0
008 260306t1978||||xx |||||||||||||| ||spa||
041 _aESP
082 _a985.4
_bI45
100 _aGallagher, Mary A. Y.
_eAUT
245 0 _aImperial reform and the struggle for regional self-determination:
_bbishops, intendants and creole elites in Arequipa
260 _c1978
300 _a271 páginas :
_c21 cm.
650 _aGEN
654 _aCHU
942 _cLIB
_dJUS
_fJUS
_2ddc
_n
999 _c11583
_d11583